Chyby a omyly v diagnostike skeletu

Bibliographic Details
Main Authors: Poláček, Hubert, 1952- (Author), Zeleňák, Kamil, 1973- (Author), Števík, Martin, 1980- (Author), Cisáriková, V. (Author)
Format: Article
Language:Slovak

MARC

LEADER 00000nab a2200000ua 4500
001 vtls010824081
003 SK-MaSNL
005 20260303153555.0
008 230222s2011 xo |||||||||||||||||slo|
035 |a (urnnbn)urn:nbn:sk:snk:ar-a064ol 
035 |a urn:nbn:sk:snk-ab5qoo 
035 |a (uuid)0961243e-de29-4032-88c1-9d3a6c470c02 
040 |a SNKBUCL  |b slo  |c SNKBUCL  |e AACR2 
041 0 |a slo 
044 |a xo  |c SK 
100 1 |a Poláček, Hubert,  |d 1952-  |4 aut  |9 200678 
245 1 0 |a Chyby a omyly v diagnostike skeletu  |c H. Poláček, K. Zeleňák, M. Števík, V. Cisáriková 
700 1 |a Zeleňák, Kamil,  |d 1973-  |4 aut  |9 197670 
700 1 |a Števík, Martin,  |d 1980-  |4 aut  |9 197671 
700 1 |a Cisáriková, V.  |4 aut  |9 871253 
773 0 |t Slovenská rádiológia  |g Roč. 18, č. 2 (2011), s. 72 
954 |a odborná, vedecká literatúra pôvodná (slovenská)  |2 lita 
958 |a OND 
958 |a EUIPO 
958 |a article5 
999 |c 2029321  |d 2031251